[Event "AUTO-ELITE-1164"]
[Site "http://www.queenalice.com/game.php?id=1189110"]
[Date "2013.6.8"]
[Round "1"]
[White "armart"]
[Black "BrainCrash"]
[Result "1-0"]
[WhiteElo "2378"]
[BlackElo "2177"]

1. d4 Nf6 2. c4 e6 3. Nc3 d5 4. cxd5 exd5 5. Bg5 c6 6. e3 Bd6 7. Bd3 h6 8. Bh4
O-O 9. Nge2 Re8 10. Qc2 Be6 11. h3 Nbd7 12. O-O a6 13. Rac1 1-0

[Event "AUTO-ELITE-1164"]
[Site "http://www.queenalice.com/game.php?id=1189117"]
[Date "2013.6.8"]
[Round "1"]
[White "armart"]
[Black "GMcruz"]
[Result "1-0"]
[WhiteElo "2388"]
[BlackElo "2115"]

1. d4 Nf6 2. c4 e6 3. Nc3 c5 4. d5 exd5 5. cxd5 d6 6. e4 g6 7. f4 Bg7 8. Nf3 O-O
9. Bd3 Re8 10. O-O Nbd7 11. Nd2 a6 12. a4 Qc7 13. Qf3 b6 14. Nc4 Rb8 15. Be3 b5
16. axb5 axb5 17. Nd2 c4 18. Ra7 Qd8 19. Bc2 b4 20. Na4 c3 21. bxc3 bxc3 22.
Nxc3 Bb7 23. Nc4 Bf8 24. Rb1 Qc8 25. Ra4 Nc5 26. Bxc5 Qxc5+ 27. Qf2 Nd7 28. Rab4
Qxf2+ 29. Kxf2 Ba6 30. Rxb8 Rxb8 31. Rxb8 Nxb8 32. Bd3 Bxc4 33. Bxc4 Nd7 34. Nb5
Nc5 35. Ke3 Nd7 36. Be2 Kg7 37. Nd4 Kf6 38. Nc6 h5 39. g3 Bh6 40. Kd4 Bg7 41.
e5+ dxe5+ 42. fxe5+ Kf5 43. Ne7+ Kg5 44. h4+ Kh6 45. Nc6 Bf8 46. d6 g5 47. hxg5+
Kxg5 48. Nd8 Bg7 49. Nxf7+ Kf5 50. Bd3+ Kg4 51. Kd5 Kxg3 52. e6 Nf6+ 53. Kc6 Bf8
54. e7 Bxe7 55. dxe7 h4 56. Nd6 Kf4 57. Bf5 Kf3 58. Bg6 h3 59. Ne4 h2 60. Nxf6
1-0

[Event "AUTO-ELITE-1164"]
[Site "http://www.queenalice.com/game.php?id=1189118"]
[Date "2013.6.8"]
[Round "1"]
[White "GMcruz"]
[Black "armart"]
[Result "0-1"]
[WhiteElo "2215"]
[BlackElo "2346"]

1. e4 c5 2. Nf3 d6 3. d4 cxd4 4. Nxd4 Nf6 5. Nc3 a6 6. Bc4 Qc7 7. Bb3 e6 8. O-O
Be7 9. Be3 O-O 10. a4 Nc6 11. f4 Na5 12. g4 d5 13. exd5 Bc5 14. g5 Nxb3 15. cxb3
Nxd5 16. Nxd5 exd5 17. Qf3 Re8 18. Rad1 Re4 19. Rfe1 Bd7 20. Kf2 Rae8 21. Kg3
Bxd4 22. Rxd4 Rxd4 0-1

[Event "AUTO-ELITE-1168"]
[Site "http://www.queenalice.com/game.php?id=1191434"]
[Date "2013.6.16"]
[Round "1"]
[White "armart"]
[Black "deltaboy"]
[Result "0-1"]
[WhiteElo "2387"]
[BlackElo "2426"]

1. d4 Nf6 2. c4 e6 3. Nf3 b6 4. g3 Bb7 5. Bg2 Be7 6. O-O O-O 7. Nc3 Ne4 8. Qd3
Nxc3 9. bxc3 Qc8 10. e4 d6 11. Bf4 a5 12. e5 Nd7 13. Rad1 dxe5 14. Bxe5 Nxe5 15.
Nxe5 Bd6 16. f4 Bxg2 17. Kxg2 Qb7+ 18. Nf3 h6 0-1

[Event "AUTO-ELITE-1168"]
[Site "http://www.queenalice.com/game.php?id=1191435"]
[Date "2013.6.16"]
[Round "1"]
[White "deltaboy"]
[Black "armart"]
[Result "1-0"]
[WhiteElo "2433"]
[BlackElo "2376"]

1. d4 Nf6 2. Nf3 d5 3. g3 c6 4. Bg2 Bf5 5. O-O e6 6. Nbd2 h6 7. Ne5 Nbd7 8. Nxd7
Qxd7 9. Re1 O-O-O 10. c4 g5 11. Nf3 Kb8 12. c5 Ne4 13. b4 Bg7 14. a4 Ka8 15. Be3
g4 16. Nh4 Bh7 17. f3 gxf3 18. exf3 1-0

[Event "AUTO-ELITE-1168"]
[Site "http://www.queenalice.com/game.php?id=1191436"]
[Date "2013.6.16"]
[Round "1"]
[White "armart"]
[Black "krodo"]
[Result "1/2-1/2"]
[WhiteElo "2392"]
[BlackElo "2514"]

1. d4 d5 2. c4 e6 3. Nf3 Nf6 4. Nc3 c6 5. e3 Bd6 6. Qc2 b6 7. Bd3 O-O 8. O-O Bb7
9. b3 Nbd7 10. Bb2 h6 11. Rac1 a6 12. e4 dxe4 13. Nxe4 Nxe4 14. Bxe4 Qe7 15. Ne5
Nxe5 16. dxe5 Bb4 17. Rcd1 Qc7 18. Bd4 Rfd8 19. c5 bxc5 20. Bxc5 Qa5 21. Bxb4
Qxb4 22. Qc4 Qa5 23. Qe2 Qb4 24. h3 a5 25. Qc2 Rac8 26. Bf3 Rd4 27. Rxd4 Qxd4
28. Re1 Rb8 29. Re3 Ba8 30. Kh2 Qf4+ 31. g3 Qb4 32. Bg2 Qb6 33. Rd3 c5 34. Rd6
Qc7 35. Bxa8 Rxa8 36. Qc3 a4 37. b4 c4 38. a3 Rc8 39. Kg2 Qb7+ 40. f3 g6 41. h4
h5 1/2-1/2

[Event "AUTO-ELITE-1168"]
[Site "http://www.queenalice.com/game.php?id=1191437"]
[Date "2013.6.16"]
[Round "1"]
[White "krodo"]
[Black "armart"]
[Result "1/2-1/2"]
[WhiteElo "2509"]
[BlackElo "2384"]

1. e4 c5 2. Nf3 d6 3. d4 cxd4 4. Nxd4 Nf6 5. Nc3 a6 6. Be3 e5 7. Nb3 Be6 8. Bd3
Nc6 9. a3 Be7 10. O-O Ng4 11. Bd2 Bg5 12. Bxg5 Qxg5 13. Nd5 Rc8 14. Nd2 O-O 15.
c3 Nf6 16. Nc4 Rcd8 17. Nxf6+ Qxf6 18. Qe2 d5 19. exd5 Bxd5 20. Ne3 Bb3 21. Rfe1
g6 22. Bc4 Bxc4 23. Nxc4 Qe6 24. h3 Rd5 25. Rad1 Rfd8 26. Nb6 Rxd1 27. Rxd1 e4
28. Rd2 Kg7 29. Qe3 Rxd2 30. Qxd2 1/2-1/2

[Event "AUTO-ELITE-1176"]
[Site "http://www.queenalice.com/game.php?id=1196627"]
[Date "2013.7.3"]
[Round "1"]
[White "Alsina"]
[Black "armart"]
[Result "1-0"]
[WhiteElo "2537"]
[BlackElo "2260"]

1. e4 c5 2. Nf3 d6 3. d4 cxd4 4. Nxd4 Nf6 5. Nc3 a6 6. Be3 e6 7. f3 b5 8. g4 b4
9. Nce2 h6 10. c4 Nbd7 11. Qa4 Qc7 12. Bd2 Be7 13. Bxb4 a5 14. Ba3 O-O 15. O-O-O
Ne5 16. Nc3 Ba6 17. h4 Rfc8 18. g5 Nh5 19. Ncb5 Qd7 20. Rg1 hxg5 21. hxg5 1-0

[Event "AUTO-ELITE-1176"]
[Site "http://www.queenalice.com/game.php?id=1196628"]
[Date "2013.7.3"]
[Round "1"]
[White "armart"]
[Black "Alsina"]
[Result "0-1"]
[WhiteElo "2256"]
[BlackElo "2558"]

1. d4 Nf6 2. c4 e6 3. Nf3 b6 4. a3 Bb7 5. Nc3 d5 6. Bg5 Be7 7. e3 O-O 8. Rc1
Nbd7 9. cxd5 exd5 10. Bd3 c5 11. O-O Ne4 12. Bf4 a6 13. Bb1 Rc8 14. h3 Re8 15.
Qe2 Bf6 16. Rfd1 Qe7 17. Rc2 g6 18. Nxe4 dxe4 19. Nd2 g5 20. Bg3 b5 21. a4 Bc6
0-1

[Event "AUTO-ELITE-1176"]
[Site "http://www.queenalice.com/game.php?id=1196633"]
[Date "2013.7.3"]
[Round "1"]
[White "armart"]
[Black "Richardlim"]
[Result "0-1"]
[WhiteElo "2297"]
[BlackElo "2272"]

1. d4 d5 2. c4 e6 3. Nc3 Nf6 4. cxd5 exd5 5. Bg5 Be7 6. Qc2 Nc6 7. e3 Be6 8. Nf3
a6 9. a3 h6 10. Bxf6 Bxf6 11. h3 O-O 12. Bd3 Re8 13. O-O Be7 14. Rfe1 Qd6 15.
Rad1 Bf6 16. Ne2 Rad8 17. Rc1 Bd7 18. Nc3 g6 0-1

[Event "AUTO-ELITE-1176"]
[Site "http://www.queenalice.com/game.php?id=1196634"]
[Date "2013.7.3"]
[Round "1"]
[White "Richardlim"]
[Black "armart"]
[Result "1-0"]
[WhiteElo "2258"]
[BlackElo "2311"]

1. e4 c5 2. Nf3 d6 3. d4 cxd4 4. Nxd4 Nf6 5. Nc3 a6 6. Bg5 e6 7. f4 Be7 8. Qf3
Qc7 9. O-O-O Nbd7 10. g4 b5 11. Bxf6 Nxf6 12. g5 Nd7 13. f5 Ne5 14. Qg3 O-O 15.
f6 Bd8 16. Bg2 b4 17. Nce2 a5 18. Nb5 Qc4 19. Nxd6 Qc5 20. fxg7 1-0

[Event "AUTO-MASTER-1816"]
[Site "http://www.queenalice.com/game.php?id=1197364"]
[Date "2013.7.5"]
[Round "2"]
[White "armart"]
[Black "jotu"]
[Result "0-1"]
[WhiteElo "2274"]
[BlackElo "2370"]

1. d4 Nf6 2. c4 d6 3. Nc3 g6 4. e4 Bg7 5. f3 O-O 6. Be3 c5 7. Nge2 Nc6 8. dxc5
dxc5 9. Qxd8 Rxd8 10. Bxc5 Nd7 0-1

[Event "AUTO-MASTER-1816"]
[Site "http://www.queenalice.com/game.php?id=1197367"]
[Date "2013.7.5"]
[Round "2"]
[White "armart"]
[Black "PhiVer"]
[Result "0-1"]
[WhiteElo "2396"]
[BlackElo "2498"]

1. d4 c5 2. d5 Nf6 3. Nc3 g6 4. e4 d6 5. Nf3 Bg7 6. Bb5+ Nbd7 7. a4 O-O 8. a5
Ne8 9. O-O Nc7 10. Bc4 b6 11. Re1 Ba6 12. Bxa6 Nxa6 13. Qe2 Nc7 14. axb6 axb6
15. Bg5 h6 16. Rxa8 Nxa8 17. Bh4 Nc7 18. Ra1 Nf6 19. Nd2 Qe8 20. h3 b5 21. Ra5
b4 22. Nd1 e6 23. Qf3 Qd8 24. dxe6 Nxe6 25. Ra6 Qe7 0-1

[Event "AUTO-MASTER-1816"]
[Site "http://www.queenalice.com/game.php?id=1197368"]
[Date "2013.7.5"]
[Round "2"]
[White "PhiVer"]
[Black "armart"]
[Result "1-0"]
[WhiteElo "2506"]
[BlackElo "2265"]

1. e4 c5 2. Nf3 Nc6 3. d4 cxd4 4. Nxd4 Nf6 5. Nc3 e5 6. Ndb5 d6 7. Bg5 a6 8. Na3
b5 9. Bxf6 gxf6 10. Nd5 Bg7 11. c3 f5 12. exf5 Bxf5 13. Nc2 O-O 14. Nce3 Be6 15.
Bd3 f5 16. O-O Rb8 17. Bc2 Qd7 18. Qh5 Qf7 19. Qxf7+ Rxf7 20. f4 e4 21. g4 fxg4
22. Bxe4 Bd7 23. Rae1 Kh8 24. Kg2 a5 25. Kg3 Ne7 26. a3 Nxd5 27. Bxd5 Rff8 28.
Nxg4 1-0